| 000 | 01333nam0a2200325 4500 | ||
|---|---|---|---|
| 001 | RU\NLR\BIBL_A\022420575 | ||
| 005 | 20250129173947.0 | ||
| 010 |
_a978-5-6051815-2-1 _9200 |
||
| 021 |
_aRU _bАЛ-П-24-00952и _9АЛ-П-24-0201 |
||
| 035 | _a(NLR Aleph) 022420575 | ||
| 090 |
_a13338367 _c13338367 |
||
| 100 | _a20241225d2024 u y0rusy50 ca | ||
| 101 | 0 | _arus | |
| 102 | _aRU | ||
| 105 | _aac z 000yy | ||
| 181 | 0 |
_ab3 _bxb2e |
|
| 181 | 0 |
_ai1 _baxxe |
|
| 182 | 0 | _an | |
| 200 | 1 |
_aВдоль по линии Кавказа _eживопись _e[альбом] _fСергей Морозов _gвступ. ст. Н. Л. Щурик |
|
| 203 |
_aИзображение _aТекст _bвизуальные _cнепосредственные |
||
| 210 |
_aКраснодар _cРекламный дом Кубани _d2024 |
||
| 215 |
_a27 с. _cцв. ил., портр. _d24x34 |
||
| 333 | _a12+ | ||
| 600 | 1 |
_aМорозов _bС. В. _f1954 _gСергей Викторович _jАльбомы _92661753 _3RU\NLR\AUTH\6601749780 |
|
| 686 | 1 | _aЩ143(2Р=Рус)7-8Морозов я61 | |
| 700 | 1 |
_7ca _8rus _aМорозов _bС. В. _cхудожник _f1954- _gСергей Викторович _92647989 _3RU\NLR\AUTH\770276022 |
|
| 942 | _cBOOK | ||
| 980 | _aNB | ||